Παγκοσμιοποίηση, δημοκρατία και τρομοκρατία
Αποθηκεύτηκε σε:
| Κύριος συγγραφέας: | |
|---|---|
| Άλλοι συγγραφείς: | |
| Μορφή: | Βιβλίο |
| Γλώσσα: | Greek English |
| Δημοσίευση: |
Αθήνα :
Θεμέλιο,
2008.
|
| Έκδοση: | 2η έκδ. |
| Θέματα: | |
| Ετικέτες: |
Προσθήκη ετικέτας
Δεν υπάρχουν, Καταχωρήστε ετικέτα πρώτοι!
|
MARC
| LEADER | 00000nam a2200000 i 4500 | ||
|---|---|---|---|
| 001 | 1/64305 | ||
| 008 | 150120s2008####gr ||| | gre|| | ||
| 020 | |a 9789603103271 | ||
| 035 | |l 10120561 | ||
| 040 | |a GR-MY-UA |b gre |e aacr | ||
| 041 | 0 | |a gre |h eng | |
| 082 | 0 | |a 327.1 |2 (23) | |
| 100 | 1 | |a Hobsbawm, E. J. |q (Eric J.), |d 1917-2012. | |
| 245 | 1 | 0 | |a Παγκοσμιοποίηση, δημοκρατία και τρομοκρατία / |c Eric Hobsbawm ; μετάφραση: Νίκος Κούρκουλος. |
| 250 | |a 2η έκδ. | ||
| 260 | |a Αθήνα : |b Θεμέλιο, |c 2008. | ||
| 300 | |a 202 σ. ; |c 21 εκ. | ||
| 500 | |a Μετάφραση του: Globalisation, democracy and terrosism. | ||
| 650 | 0 | |a Globalization. | |
| 650 | 0 | 4 | |a Terrorism. |
| 700 | 1 | |a Κούρκουλος, Νίκος, |e trl [Μεταφραστής] | |
| 852 | |a INST |b LESVOS |c EUDOXUS |e 20150120 |h 327.1 HOB |p 005100056263 |q 005100056263 |t EDX |y 0 | ||
| 852 | |a INST |b LESVOS |c EUDOXUS |e 20160115 |h 327.1 HOB |p 005100057811 |q 005100057811 |t EDX |y 0 | ||
| 852 | |a INST |b LESVOS |c EUDOXUS |e 20170117 |h 327.1 HOB |p 005100058609 |q 005100058609 |t EDX |y 0 | ||
| 901 | |a BIBL1-2015-1 | ||
| 909 | |a Λ |b 191511 | ||
| 920 | |a ΕΥΔΟΞΟΣ |b ΠΑΡΑΓΓΕΛΙΑ |y ΛΕΣΒΟΣ-ΤΚ |z 2014-11 | ||
| 920 | |a Εύδοξος |b Παραγγελία |y Λέσβος-Τμήμα |z 2017-01 | ||
| 970 | |a ΤΖΑΦΕΡΗ |b ΕΥΑΓΓΕΛΙΑ |z 2015/01/20 | ||